| 000 | 00619nam a22002177a 4500 | ||
|---|---|---|---|
| 999 |
_c7695 _d7695 |
||
| 001 | 12836 | ||
| 003 | BD-DhUAP | ||
| 005 | 20210128152134.0 | ||
| 008 | 210128s1970 bg ||||| |||| 00| 0 eng d | ||
| 040 |
_aBD-DhUAP _bEng _cBD-DhUAP _dBD-DhUAP |
||
| 082 |
_223 _a546 AHM |
||
| 100 | _aAhmed, Mofizud-din. | ||
| 245 |
_aA text book of organic chemistry / _cMofizud-din Ahmed and A. Jabbar Mian. |
||
| 250 | _a3rd ed. | ||
| 260 |
_aDacca : _bMrs Sufia Ahmed, _c1970. |
||
| 300 |
_axiii, 508 pages ; _c22 cm. |
||
| 500 | _aIncludes index. | ||
| 650 | _aChemistry, Organic. | ||
| 700 | _aMian, A. Jabbar. | ||
| 942 |
_2ddc _cBK |
||